00883nam a22001817a 4500003000900000008004100009020001800050040007100068082001900139100002800158245019200186260002500378300002800403505019400431650002800625650003300653650001500686AR-CdUCM190514b ||||| |||| 00| 0 spa d a84-89309-87-6 aMUNICIPALIDAD PROVINCIAL DEL CUSCOcBIBLIOTECA MUNICIPAL DEL CUSCO a844.312 /bR74 aRogriguez Iturri, Roger aCódigo didáctico de los niños y adolescentes :bversión didáctica del D.L. 26102, código de los niños y adolescentes, con normativa desagregada, concordada y complementada / aLima :bPUCP,c1994. a508 páginas ;c21 cm. aContenido: Código didáctico de los niños y adolescentes -- Nota de concordancias -- Constitución política del Perú de 1979 -- Primer anteproyecto de la constitución de 1993... aDerechos de los niños aDerechos de los adolescentes aNormativas